Science Quiz

Random Science or Nintendo Quiz

Naming Alkenes Quiz Stats

 Plays Quiz not verified by Sporcle

Also try: Animal Name Game
Challenge
Share
Tweet
Embed
Score 0/10 Timer 10:00
0 Plays Today
Formula Name % Correct
C3H6propene
98.5%
C2H4ethene
96.4%
CH2methene
95.6%
C4H8butene
95.6%
C6H12hexene
94.2%
C8H16octene
93.4%
C5H10pentene
92.7%
C7H14heptene
92.7%
C9H18nonene
91.2%
C10H20decene
91.2%

You're not logged in!

Compare scores with friends on all Sporcle quizzes.
OR
Log In

You Might Also Like...

Show Comments

Extras

Created Mar 26, 2012ReportNominate
Tags:Nintendo Quiz, alkene, formula, name

Top Quizzes Today


Score Distribution

Your Account Isn't Verified!

In order to create a playlist on Sporcle, you need to verify the email address you used during registration. Go to your Sporcle Settings to finish the process.

Report this User

Report this user for behavior that violates our Community Guidelines.

Details: